| 000 -ლიდერი |
| ფიქსირებული სიგრძის საკონტროლო ველი |
01288nam a2200229Ia 4500 |
| 001 - საკონტროლო ნომერი |
| საკონტროლო ველი |
213 |
| 003 - საკონტროლო ნომრის იდენტიფიკატორი |
| საკონტროლო ველი |
GE_BSU |
| 005 - ბოლო ოპერაციის თარიღი და დრო |
| საკონტროლო ველი |
20211005111432.0 |
| 008 - ფიქსირებული სიგრძის მონაცემთა ელემენტები - ზოგადი ინფორმაცია |
| ფიქსირებული სიგრძის საკონტროლო ველი |
181216s1987||||ge |||||||||||||| ||geo|| |
| 041 ## - ენის კოდი |
| Language code of text/sound track or separate title |
geo |
| 080 ## - უნივერსალური ათობითი კლასიფიკაციის ინდექსი |
| Universal Decimal Classification number |
27-726.1(479.22)+001(479.22)+1(479.22) ა-29 |
| 100 ## - მთავარი ჩანაწერი - პიროვნების სახელი |
| Personal name |
ავალიანი, სერგი |
| 9 (RLIN) |
356 |
| 245 ## - ცნობა სათაურის შესახებ |
| Title |
ანტონ პირველი.(ბაგრატიონი) : |
| Remainder of title |
ცხოვრება, მოღვაწეობა და ფილოსოფიური მსოფლმხედველობა / |
| Statement of responsibility, etc |
[რედ.: მ. ქავთარია] ; საქ. სსრ მეცნ. აკად., ფილოსოფიის ინ-ტი. |
| 264 ## - წარმოების, გამოცემის, დისტრიბუციის და სხვა ცნობები |
| გამოცემის, წარმოების, დისტრიბუციის... ადგილი |
თბილისი : |
| გამოცემის, წარმოების, დისტრიბუციის... სახელწოდება |
მეცნიერება, |
| გამოცემის, წარმოების, დისტრიბუციის... თარიღი |
1987. |
| 300 ## - ფიზიკური აღწერა |
| Extent |
196 გვ.; |
| Other physical details |
21 სმ. |
| 653 ## - INDEX TERM--UNCONTROLLED |
| Uncontrolled term |
ქართველი კათალიკოსები. |
| 653 ## - INDEX TERM--UNCONTROLLED |
| Uncontrolled term |
ქართული ფილოსოფიის ისტორია. |
| 653 ## - INDEX TERM--UNCONTROLLED |
| Uncontrolled term |
ქართველი მეცნიერები. |
| 700 ## - ADDED ENTRY--PERSONAL NAME |
| Personal name |
ქავთარია, მ. |
| Relator term |
რედაქტორი |
| 9 (RLIN) |
1179 |
| 710 ## - ADDED ENTRY--CORPORATE NAME |
| Corporate name or jurisdiction name as entry element |
საქ. სსრ მეცნ. აკად., ფილოსოფიის ინ-ტი. |
| 9 (RLIN) |
12580 |
| 942 ## - ADDED ENTRY ELEMENTS (KOHA) |
| Koha item type |
წიგნი |
| Source of classification or shelving scheme |
|